Final report (Record no. 109013)
[ view plain ]
| 000 -LEADER | |
|---|---|
| fixed length control field | 01830cad a22002415a 4500 |
| 001 - CONTROL NUMBER | |
| control field | L145998 |
| 008 - FIXED-LENGTH DATA ELEMENTS--GENERAL INFORMATION | |
| fixed length control field | 081201e20081124xxk f f000 0 eng d |
| 020 ## - INTERNATIONAL STANDARD BOOK NUMBER | |
| International Standard Book Number | 9781409808336 |
| 035 ## - SYSTEM CONTROL NUMBER | |
| System control number | (Sirsi) u145998 |
| 041 0# - LANGUAGE CODE | |
| Language code of text/sound track or separate title | eng |
| 050 04 - LIBRARY OF CONGRESS CALL NUMBER | |
| Classification number | 333.33 $2 18 |
| 110 2# - MAIN ENTRY--CORPORATE NAME | |
| Corporate name or jurisdiction name as entry element | United Kingdom |
| Subordinate unit | Department for Communities and Local Government |
| 9 (RLIN) | 4939 |
| 245 00 - TITLE STATEMENT | |
| Title | Final report |
| Remainder of title | non householder minor development consents review |
| Medium | [electronic resource] |
| 260 ## - PUBLICATION, DISTRIBUTION, ETC. | |
| Place of publication, distribution, etc. | Wetherby |
| Name of publisher, distributor, etc. | DCLG |
| Date of publication, distribution, etc. | 2008 |
| 505 2# - FORMATTED CONTENTS NOTE | |
| Formatted contents note | Executive summary -- Summary of recommendations -- The context: introduction; areas of study; an impact based approach; establishing the evidence base -- Cross-cutting issues: the GPDO and regulated regulations; prior approvals; sustainability and climate change; disability access -- Topic areas: retail and town centres; industry and offices; institutions and leisure uses; rural areas; flats; waste management -- The way forward -- Appendices: interviews with development control managers; summary of written representations; feedback from sounding boards |
| 520 ## - SUMMARY, ETC. | |
| Summary, etc. | Reviews the General Permitted Development Order (GPDO) (apart from householder and telecommunications) and makes recommendations for revising it. Uses an impact based approach to determine low impact developments that might be exempted from planning permission. The views expressed are those of the contributing authors and do not represent the views of the Department for Communities and Local Government. |
| 521 ## - TARGET AUDIENCE NOTE | |
| Target audience note | Advanced |
| 590 ## - LOCAL NOTE (RLIN) | |
| Local note | KA |
| 651 #4 - SUBJECT ADDED ENTRY--GEOGRAPHIC NAME | |
| Geographic name | England and Wales |
| Chronological subdivision | 1543- |
| 690 ## - LOCAL SUBJECT ADDED ENTRY--TOPICAL TERM (OCLC, RLIN) | |
| Topical term or geographic name as entry element | ENVIRONMENTAL AND LAND CONSULTANCY-PLANNING AND DEVELOPMENT-DEVELOPMENT CONTROL |
| 856 40 - ELECTRONIC LOCATION AND ACCESS | |
| Uniform Resource Identifier | <a href="https://www.communities.gov.uk/publications/planningandbuilding/finalconsentsreview">https://www.communities.gov.uk/publications/planningandbuilding/finalconsentsreview</a> |
| Public note | View the item free of charge online at www.communities.gov.uk... |
| 942 ## - ADDED ENTRY ELEMENTS (KOHA) | |
| Suppress in OPAC | 0 |
| Withdrawn status | Lost status | Source of classification or shelving scheme | Damaged status | Not for loan | Home library | Current library | Shelving location | Date acquired | Total Checkouts | Full call number | Barcode | Date last seen | Copy number | Price effective from | Koha item type |
|---|---|---|---|---|---|---|---|---|---|---|---|---|---|---|---|
| Dewey Decimal Classification | Virtual | Virtual | Online | 01/12/2008 | ONLINE PUBLICATION | 145998-1001 | 06/08/2019 | 1 | 06/08/2019 | Book |